|
|
|
|
| LEADER |
01263ppm a22003018a 4500 |
| 001 |
00027169 |
| 005 |
20171026081025.0 |
| 008 |
111011s2003 ||||||viesd |
| 041 |
0 |
# |
|a vie
|
| 082 |
1 |
4 |
|b X126D
|a 510
|
| 100 |
1 |
# |
|a Nguyễn, Trường Giang
|
| 245 |
1 |
0 |
|a Xây dựng một số trò chơi ở trung học cơ sở
|b Khóa luận tốt nghiệp : Ngành Sư phạm Toán - Tin : Trình độ :Cao đẳng
|c Nguyễn Trường Giang; Lê Hiển Dương hướng dẫn
|
| 260 |
# |
# |
|a Đồng Tháp
|b Trường Cao đẳng Sư phạm Đồng Tháp
|c 2003
|
| 300 |
# |
# |
|a 42 tr.
|c 30 cm.
|b bảng
|
| 500 |
# |
# |
|a ĐTTTS ghi: Sở Giáo dục và Đào tạo Đồng Tháp. Trường Cao đẳng Sư phạm Đồng Tháp. Khoa trung học
|
| 502 |
# |
# |
|a Thư mục : Tr.42
|
| 650 |
|
|
|a Toán học
|
| 653 |
# |
# |
|a Trung học cơ sở
|
| 653 |
# |
# |
|a Trò chơi
|
| 653 |
# |
# |
|a Xây dựng
|
| 700 |
1 |
# |
|a Lê, Hiển Dương
|e hướng dẫn
|
| 852 |
# |
# |
|b Kho đọc
|j KD.0011804
|
| 852 |
# |
# |
|j KD.0011804
|
| 910 |
# |
# |
|a Ntuyet
|d 11/10/2011
|
| 980 |
# |
# |
|a Trung tâm Học liệu Lê Vũ Hùng, Trường Đại học Đồng Tháp
|